000 00511nam a22001937a 4500
005 20170124110251.0
010 _aA-750702
020 _c00.00
035 _aA-750702
037 _bCen Lib/Ret
040 _aDPL
_bEN
082 _a230.2
_bJYO
100 _aJyotirmayananda
_999020
245 _aMysticsm of the mahabharta /
_cby Jyotirmayananda
300 _a268p. :
_c20cm(Hb)
_bill.
650 _aHinduism
_9112948
650 _aBhishma parva
_999022
942 _2ddc
_cEN
_h230.2
_mJYO
999 _c135885
_d135885